000 00570nam a22001817a 4500
008 160426b xxu||||| |||| 00| 0 eng d
020 _a971086565x
082 _22005
_aDFil 808.5
_bD54
100 _96325
_aDiaz, Rafaela H.
245 _aSpeech and oral communication for college students/
_cRafaela H. Diaz
260 _aMandaluyong City:
_bNational Book Store,
_cc2005.
300 _a177 pages:
_billustrations;
_c23 cm.
500 _aInclude bibliography.
650 0 _96323
_aPublic speaking
650 0 _96324
_aSpeech
365 _a296.00
_bPhp.
942 _2ddc
_cDFIL
999 _c1971
_d1971